Online Catalogue and eLibrary

Culture Metaculture (Record no. 1023)

MARC details
000 -LEADER
fixed length control field 00457nam a2200193Ia 4500
005 - DATE AND TIME OF LATEST TRANSACTION
control field 20250317025436.0
008 - FIXED-LENGTH DATA ELEMENTS--GENERAL INFORMATION
fixed length control field 240331s9999 xx 000 0 und d
020 ## - INTERNATIONAL STANDARD BOOK NUMBER
ISBN 0415102308
082 ## - DDC Classification
Class No. 301
Item Number - Author Mark MUL
DDC Edition Number 4158
100 ## - MAIN ENTRY--PERSONAL NAME
Personal name Mulhern, F
245 #0 - TITLE STATEMENT
Title Culture Metaculture
260 ## - PUBLICATION, DISTRIBUTION, ETC.
Place of publication, distribution, etc. London;
-- New York,
Name of publisher, distributor, etc. Routledge
Date of publication, distribution, etc. 2000
300 ## - PHYSICAL DESCRIPTION
Extent (e.g. Volumes, Pages etc.) xxi, 198 p.,
650 ## - SUBJECT ADDED ENTRY--TOPICAL TERM
Topical term or geographic name entry element Culture
650 ## - SUBJECT ADDED ENTRY--TOPICAL TERM
Topical term or geographic name entry element Civilization
650 ## - SUBJECT ADDED ENTRY--TOPICAL TERM
Topical term or geographic name entry element Welfare
650 ## - SUBJECT ADDED ENTRY--TOPICAL TERM
Topical term or geographic name entry element Society
942 ## - Koha item type (Biblio)
Koha item type Books in Stacks (Lending)
Holdings
Lost status Damaged status Collection code Home library Current library Shelving location Date acquired Full call number Accession Number Item type
    Lending WERC Library WERC Library Social Science Cupboard 03/31/2024 301 MUL 4158 Books in Stacks (Lending)

© WERC Library